Emerging Asian regionalism: A partnership for shared prosperity (Record no. 42873)

MARC details
000 -LEADER
fixed length control field 00327nam a2200109Ia 4500
020 ## - INTERNATIONAL STANDARD BOOK NUMBER
ISBN 9789715616690
082 ## - DEWEY DECIMAL CLASSIFICATION NUMBER
Classification number 339.922(5)
Item number ADB
245 #0 - TITLE STATEMENT
Title Emerging Asian regionalism: A partnership for shared prosperity
260 ## - PUBLICATION, DISTRIBUTION, ETC. (IMPRINT)
Place of publication Philippines
Name of publisher Asian Development Bank
Year of publication 2008
942 ## - ADDED ENTRY ELEMENTS (KOHA)
Koha item type Books
Holdings
Withdrawn status Lost status Damaged status Not for loan Home library Current library Date acquired Cost, normal purchase price Full call number Accession Number Koha item type
        RRII Library RRII Library 16/12/2021 30.00 339.922(5) ADB 23137 Books